Statistics for ELO Songs Containing the Word 'Blue'

Click here to take the quiz!

General Stats

  • This quiz has been taken 14 times
  • The average score is 4 of 6

Answer Stats

AlbumSong% Correct
Out of the BlueMr. Blue Sky
92%
EldoradoBoy Blue
85%
DiscoveryMidnight Blue
77%
Out of the BlueBirmingham Blues
46%
Secret MessagesBluebird
31%
On the Third DayBluebird Is Dead
31%

Score Distribution

Percentile by Number Answered

Percent of People with Each Score

Your Score History

You have not taken this quiz